| 000 | 00667nam a2200217 a 4500 | ||
|---|---|---|---|
| 005 | 20210223125747.0 | ||
| 008 | 051205s2001 mx r 000 0 spa d | ||
| 020 | _a8401341590 | ||
| 035 | _aUPN01000141399 | ||
| 049 | _aCG | ||
| 050 | 4 |
_aPS3570 A4.3 _bH5.5 |
|
| 100 | 1 | _aTan, Amy | |
| 245 | 1 | 3 |
_aLa hija del curandero / _cAmy Tan ; tr. Ma. Eugenia Ciocchini. |
| 260 |
_aBarcelona, Esp. : _bAreté, _c2001. |
||
| 300 | _a430 p. | ||
| 534 |
_pTraducción de: _tThe Bonesetter´s daughter |
||
| 650 | 4 |
_aFAMILIAS CHINOAMERICANAS - _vNOVELA _97786 |
|
| 650 | 4 |
_aMUJERES CHINOAMERICANAS - _vNOVELA _97785 |
|
| 650 | 4 |
_aMADRES E HIJAS - _vNOVELA _9727 |
|
| 905 | _aLibro | ||
| 999 |
_c113546 _d113546 |
||